[Event "Interzonal-15"]
[Site "Manila"]
[Date "1990.??.??"]
[Round "3"]
[White "Agdestein, Simen"]
[Black "Salov, Valery"]
[Result "1-0"]
[WhiteElo "2600"]
[BlackElo "2655"]
[Annotator "Ftacnik,L"]
[PlyCount "125"]
[EventDate "1990.06.29"]
[EventType "swiss"]
[EventRounds "13"]
[EventCountry "PHI"]
[SourceTitle "CBM 019"]
[Source "ChessBase"]
[SourceDate "1990.12.01"]
[SourceVersion "1"]
[SourceVersionDate "1990.12.01"]
[SourceQuality "1"]

1. d4 e6 2. c4 Bb4+ 3. Nd2 d5 4. Qa4+ Nc6 5. e3 Nf6 6. a3 Bxd2+ 7. Bxd2 Ne4 8.
Nf3 Nxd2 $6 (8... O-O $5) 9. Nxd2 O-O (9... e5 $6 10. Nf3 $1 O-O 11. Nxe5 $1
Nxe5 12. dxe5 $16) 10. Nf3 Ne7 $6 {><e7} (10... Qe7 $5 {/\ Rd8, e5}) 11. Bd3
Bd7 12. Qc2 h6 13. O-O a5 14. Rfc1 (14. Rac1 $142) 14... c6 (14... Rc8 15. Qd2
$1) 15. c5 (15. e4 $142 $1 $16) 15... Qc7 (15... f5 $142 $1 $14) 16. Qe2 (16.
e4 $1 $16) 16... f5 $8 17. Ne5 Be8 18. f4 $1 Ng6 19. Nf3 Ne7 20. h3 $1 Bh5 21.
g4 Bg6 22. Rf1 (22. Kh1 $6 fxg4 $1 23. hxg4 Bxd3 24. Qxd3 g5 $1 $13) 22... Qd8
23. Rf2 Qe8 24. Ne5 Bh7 25. Rg2 Kh8 (25... Ng6 26. Nf3 $1 $16) 26. Kh2 Ng6 27.
Nf3 Qe7 28. Rag1 Nh4 (28... Rf6 $5 $16) 29. Nxh4 Qxh4 30. gxf5 (30. g5 $6 g6 $1
$14) 30... exf5 (30... Bxf5 $2 31. Bxf5 exf5 32. Rxg7 Rg8 33. Qg2 $18) 31. Rxg7
Rg8 32. Rxg8+ (32. Qe1 Qxe1 (32... Qf6 33. Rxb7 $1) 33. Rxg8+ Rxg8 34. Rxe1 Rb8
$1 $132) 32... Rxg8 33. Rxg8+ Kxg8 34. Qd2 $18 {><a5} Bg6 35. Kg2 Qe7 36. Qe1
$1 Kg7 37. Kf1 Qd8 38. Ke2 Kf7 39. Kd1 Ke6 40. Be2 Kf7 41. Kc2 Kg7 42. Bd3 Kf7
43. Kb1 Ke6 44. Ka2 Kf7 45. Qc3 Kf6 46. Qb3 (46. Kb3 $5 Be8 47. Ka4 b5+ 48.
cxb6 Qxb6 49. Qc5 $1 Qxb2 50. Kxa5 $18) 46... Qe7 47. Be2 Bf7 48. Bd1 Kg7 49.
Bc2 Kg6 50. Qd3 Be6 51. Qc3 Qh4 (51... Qc7 52. Bd1 $18) 52. Qxa5 Qxh3 53. Qc7
Qxe3 54. Qxb7 Qxf4 55. Qxc6 Kf6 56. Qe8 Qc7 57. a4 Bf7 58. Qb5 Be6 59. a5 f4
60. Qb6 Qd7 61. a6 f3 62. a7 f2 63. a8=Q (63. a8=Q f1=Q 64. Qf8+ Qf7 65. Qbd8#)
1-0

[Event "Olympiad-34"]
[Site "Istanbul"]
[Date "2000.11.01"]
[Round "5.2"]
[White "Sokolov, Ivan"]
[Black "Rahman, Ziaur"]
[Result "1-0"]
[WhiteElo "2611"]
[BlackElo "2421"]
[Annotator "Ftacnik,L"]
[PlyCount "61"]
[EventDate "2000.10.28"]
[EventType "team-swiss"]
[EventRounds "14"]
[EventCountry "TUR"]
[SourceTitle "EXT 2001"]
[Source "ChessBase"]
[SourceDate "2000.11.22"]
[SourceVersion "1"]
[SourceVersionDate "2000.11.22"]
[SourceQuality "1"]
[WhiteTeam "Bosnia&Herzegovina"]
[BlackTeam "Bangladesh"]
[WhiteTeamCountry "BIH"]
[BlackTeamCountry "BAN"]

1. d4 e6 2. c4 b6 3. a3 Bb7 4. Nc3 f5 5. d5 Nf6 6. g3 Na6 7. Bg2 Nc5 8. Nh3 Bd6
9. O-O O-O 10. Qc2 Be5 11. Nf4 Qe7 (11... a5 12. Be3 exd5 (12... Qe7 $2 13.
Bxc5 Qxc5 (13... bxc5 14. d6 $18) 14. Nd3 $18) 13. Nfxd5 $13) 12. Bd2 c6 $6 {
Black is not grasping the importance of slowing down white's expansion on the
queenside.} (12... a5 13. Rad1 (13. b4 $6 Nce4 (13... axb4 14. axb4 Nce4 15.
Rxa8 Rxa8 16. Nxe4 fxe4 17. dxe6 $14) 14. dxe6 dxe6 $15) 13... a4 $13) 13. dxe6
dxe6 (13... Nxe6 14. Nd3 Bc7 15. e3 $14) 14. Rad1 Rad8 (14... a5 15. b4 $14)
15. b4 Bxc3 (15... Na6 16. e4 $1 $14) 16. Bxc3 Nce4 17. Ba1 $1 {[%mdl 32] The
diagonal a1-h8 can not be used immediatelly, but Sokolov will clearly
illustrate how painfully the opponent misses his dark squared bishop.} c5 (
17... a5 18. f3 Ng5 19. Nd3 $14) 18. Qb2 cxb4 19. axb4 Rc8 20. Qe5 $1 Rfe8 (
20... Rxc4 21. Qxe6+ (21. f3 Ng5 22. h4 Nf7 23. Qxe6 Qxe6 24. Nxe6 Re8 $11)
21... Qxe6 22. Nxe6 Rb8 23. b5 $14) 21. Bxe4 Bxe4 (21... fxe4 $5 22. Rd4 (22.
Rd6 Rxc4 23. Rxe6 Qd7 24. Rxe8+ Nxe8 $13) 22... Qc7 (22... Qxb4 $2 23. Rd7 $16)
23. Rd6 $14) 22. f3 Bb7 (22... Bc2 23. Rd6 Rxc4 24. Rxe6 Qf7 25. Qb5 Rec8 26.
Bxf6 gxf6 27. Rd6 $16) 23. Rd6 Rxc4 $6 (23... Rc6 24. Rxc6 Bxc6 25. b5 Ba8 26.
Rd1 $14) 24. Rxe6 Qf7 (24... Qd7 25. Qxf5 Bc8 26. Rxe8+ Nxe8 27. Qxd7 Bxd7 28.
Rb1 $16) 25. Rd1 Rxb4 (25... Bc8 26. Rxe8+ Qxe8 27. Qb8 Nd7 28. Qxa7 Rxb4 29.
Qa2+ $18) 26. Rxe8+ Nxe8 (26... Qxe8 27. Qc7 $18) 27. Rd8 {White pieces are
openly attacking the kingside of the endangered Rahman.} Bc6 (27... Kf8 $2 28.
Rxe8+ Qxe8 29. Qxg7#) 28. Kf2 Rb5 (28... Rb1 29. Bb2 h6 (29... a6 $2 30. Nd5
$18) 30. Nd5 Kh7 31. Ne7 Ba4 32. Rd2 a5 33. Nxf5 $16) 29. Qd6 Rc5 (29... Bb7
30. Rxe8+ $1 Qxe8 31. Qc7 Qf7 32. Qb8+ Qf8 33. Qxb7 $18) 30. Ne6 Rc1 (30... Rd5
31. Qxc6 $18) 31. Nxg7 $1 (31. Nxg7 $1 Rxa1 32. Nxe8 Bxe8 33. Qe5 Kf8 34. Qxa1
$18) 1-0

[Event "Interzonal-16"]
[Site "Biel"]
[Date "1993.??.??"]
[Round "3"]
[White "Lima, Darcy Gustavo Macha"]
[Black "Gurevich, Dmitry"]
[Result "0-1"]
[WhiteElo "2475"]
[BlackElo "2575"]
[Annotator "Ftacnik,L"]
[PlyCount "62"]
[EventDate "1993.07.16"]
[EventType "swiss"]
[EventRounds "13"]
[EventCountry "SUI"]
[SourceTitle "CBM 037"]
[Source "ChessBase"]
[SourceDate "1993.12.01"]
[SourceVersion "1"]
[SourceVersionDate "1993.12.01"]
[SourceQuality "1"]

1. d4 g6 2. c4 Bg7 3. Nc3 c5 4. dxc5 $5 (4. d5) 4... Na6 5. Bd2 $6 (5. Be3 $5
Qa5 6. Bd4 Bxd4 7. Qxd4 Nf6 8. e4 $14) 5... Nf6 6. g3 Nxc5 7. Bg2 d6 $1 {><d7}
8. b4 Ncd7 9. Rc1 O-O {/\ Nb6 ><c4} 10. Qb3 a5 11. a3 axb4 12. axb4 Nb6 $1 13.
Nh3 Be6 14. Nd5 Nxc4 $1 (14... Nbxd5 15. cxd5 Nxd5 16. Ng5 $1) 15. Qxc4 Nxd5 (
15... Rc8 $4 16. Qxc8 $18) 16. Bxd5 (16. Ng5 Rc8 $1 17. Qh4 Rxc1+ 18. Bxc1 Nf6
19. Bxb7 $2 Qc7) 16... Bxh3 17. Bxb7 Ra7 $5 (17... Rb8 18. Bc6 $5 Rc8 19. b5
Bg2 20. Rg1 Bxc6 21. bxc6 $13) 18. Bc6 $2 (18. Bf3 $1 {/\ Qh4}) 18... Rc7 19.
b5 (19. Qh4 Rxc6 20. Qxh3 Rxc1+ 21. Bxc1 Bc3+ 22. Bd2 Bxd2+ 23. Kxd2 Qb6) 19...
Bg2 20. Rg1 Bxc6 21. Ba5 (21. bxc6 Qa8 {/\ Rfc8}) 21... Bxb5 $1 22. Bxc7 (22.
Qxc7 Qa8) 22... Qd7 23. Qb4 Rc8 24. Qa5 Bd4 25. Kd2 Bxf2 $19 26. Rgf1 Bc5 27.
Bb6 Rb8 28. Bxc5 dxc5+ 29. Ke1 Bxe2 30. Rf4 (30. Kxe2 Rb2+ 31. Ke3 Qe6+ 32. Kf3
Qe2+ 33. Kf4 Rb4+ $19) 30... Bb5 31. Kf2 e5 0-1

[Event "Interpolis-02"]
[Site "Tilburg"]
[Date "1978.09.09"]
[Round "7"]
[White "Browne, Walter Shawn"]
[Black "Miles, Anthony John"]
[Result "1-0"]
[WhiteElo "2550"]
[BlackElo "2565"]
[Annotator "Ftacnik,L"]
[PlyCount "55"]
[EventDate "1978.09.01"]
[EventType "tourn"]
[EventRounds "11"]
[EventCountry "NED"]
[EventCategory "14"]
[SourceTitle "MCL"]
[Source "ChessBase"]
[SourceDate "1999.07.01"]
[SourceVersion "1"]
[SourceVersionDate "1999.07.01"]
[SourceQuality "1"]

1. c4 b6 2. d4 e6 3. e4 (3. d5 $5 Ba6 4. e4 exd5 5. exd5 Nf6 6. Nc3 Be7 7. Qc2
c6 8. Bd3 $14 {Miles-Christiansen, USA (ch) 1977}) 3... Bb7 4. Bd3 f5 $5 (4...
Bb4+ 5. Bd2 $14 (5. Kf1 $5)) 5. exf5 $1 (5. Qh5+ g6 6. Qe2 Nf6 $10) (5. Nc3 Bb4
6. Qe2 Nf6 {Speelman-Knott}) (5. d5 $5 fxe4 6. Bxe4 Qh4 7. Qe2 Nf6 8. Bf3 Bb4+
9. Bd2 Bxd2+ 10. Nxd2 O-O 11. dxe6 Nc6 $1 $13) (5. Qe2) 5... Bxg2 (5... Bb4+ $5
6. Kf1 (6. Nc3 $2 Bxg2 7. Qh5+ Kf8 $1 $19) 6... Nf6 7. Bg5 $1 O-O 8. Nf3 $14) (
5... Qh4 $5 $44) 6. Qh5+ g6 (6... Ke7 7. Qg5+ $18) 7. fxg6 Bg7 (7... Nf6 $2 8.
g7+ Nxh5 9. gxh8=Q Bxh1 10. Qxh7 $18) 8. gxh7+ Kf8 9. Ne2 $3 (9. hxg8=Q+ Kxg8
10. Qg6 (10. Qg4 Bxh1 11. Bg5 Qe8 $1 $17) 10... Bxh1 11. Bg5 Qf8 $17) (9. Nf3
$6 Nf6 10. Qh4 Bxh1 11. Ne5 d6 $3 12. Ng6+ Kf7) 9... Bxh1 10. Bg5 $1 (10.
hxg8=Q+ Kxg8 $17) (10. Nf4 Ne7 $17) 10... Nf6 (10... Ne7 $2 11. Nf4 Qe8 12.
Ng6+ Nxg6 13. Bxg6 Qc8 14. Qh4 $1 $18) (10... Bf6 $2 11. hxg8=Q+ $16 (11. h4 $1
) 11... Rxg8 12. Qh6+ Kf7 13. Qh7+ Rg7 (13... Kf8 14. Bh6+ Bg7 15. Bxg7+ Rxg7
16. Qh8+ $18) 14. Bg6+ Kf8 15. Bh6 Nc6 16. Nf4 {/\ Nh5 +-}) 11. Qh4 Nc6 (11...
d6 12. Nf4 Ke7 13. Qh3 Qc8 14. Nh5 $44 (14. Nd2 $44)) (11... d5 12. Nf4 $44)
12. Nf4 (12. Nd2 $5 {/\ 0-0-0}) 12... Kf7 $2 (12... Nb4 13. Bg6) (12... Nxd4
13. Ng6+ Ke8 14. Qxd4 Rxh7 15. Ne5 $1 Rh3 $1 16. Bg6+ Kf8 17. Nc3 $1 d6 (17...
c5 18. Qd6+ Qe7 $2 19. Nxd7+ $18) 18. O-O-O $16) (12... e5 $5 13. Ng6+ Kf7 14.
dxe5 Re8 15. h8=N+ (15. f4 d6 16. Nc3 dxe5 17. O-O-O $13) (15. Qf4 $6 d6 16.
h8=Q (16. h8=N+ Kg8) 16... dxe5 $3 $13) 15... Bxh8 16. Nxh8+ Rxh8 17. Qf4 Nxe5
$19) (12... e5 $1 13. Ng6+ Kf7 14. dxe5 Re8 $1 15. f4 $3 d6 16. Nc3 dxe5 17.
O-O-O Bf3 18. Be2 $1 $16) 13. Bg6+ Ke7 14. Nh5 Qf8 15. Nd2 $16 e5 (15... d5 16.
O-O-O Be4 17. Nxe4 $1 dxe4 18. Nxg7 Qxg7 19. Bxe4 $18) (15... Nb8 16. O-O-O Bb7
17. Re1 $18 (17. d5 $18)) 16. O-O-O Nxd4 17. Rxh1 Ne6 18. f4 $1 $18 (18. Re1
Nxg5 19. Qxg5 Kd8 $2 20. Rxe5 Kc8 21. Rf5) 18... d6 19. Ne4 Nxg5 20. Qxg5 Bh6
21. Qh4 $1 Bg7 22. fxe5 dxe5 23. Rf1 Kd7 24. Nexf6+ Bxf6 25. Nxf6+ Kc8 26. Be4
c6 27. Qh3+ Kb7 28. Bxc6+ (28. Bxc6+ Ka6 (28... Kxc6 29. Qd7+ Kc5 30. Qd5+ Kb4
31. Qb5#) 29. Bb5+ Ka5 30. a3) 1-0

[Event "Brno-A"]
[Site "Brno"]
[Date "1994.??.??"]
[Round "5"]
[White "Krasenkow, Michal"]
[Black "Bischoff, Klaus"]
[Result "0-1"]
[WhiteElo "2595"]
[BlackElo "2525"]
[Annotator "Ftacnik,L"]
[PlyCount "40"]
[EventDate "1994.08.??"]
[EventType "tourn"]
[EventRounds "9"]
[EventCountry "CZE"]
[EventCategory "13"]
[SourceTitle "CBM 043"]
[Source "ChessBase"]
[SourceDate "1994.12.01"]
[SourceVersion "1"]
[SourceVersionDate "1994.12.01"]
[SourceQuality "1"]

1. d4 e6 2. c4 b6 3. a3 Bb7 4. Nc3 f5 5. d5 Nf6 6. Nf3 Be7 7. b4 $6 (7. g3 O-O
8. Bg2 $13) 7... a5 $1 8. b5 (8. Rb1 axb4 9. axb4 Na6 $15) 8... Ne4 9. Na4 (9.
Bb2 Bf6 10. Rc1 exd5 11. cxd5 O-O $36) 9... Bf6 10. Rb1 Qe7 11. Qc2 d6 12. e3
Nd7 13. dxe6 Ndc5 14. Nxc5 Nxc5 15. Nd2 (15. Qxf5 $2 Be4 16. Qh5+ g6 $19) 15...
Qxe6 16. Nb3 Qe4 $1 (16... Be4 17. Nxc5 dxc5 18. Bd3) 17. Qa2 (17. Qxe4+ Bxe4
18. Nxc5 Bxb1 $19) 17... O-O-O 18. Bd2 Rhe8 19. Rc1 Nd3+ 20. Bxd3 Qxd3 (20...
Qxd3 21. f3 (21. Rg1 a4 22. Na1 Bh4 23. Qc2 (23. g3 Bf3) 23... Rxe3+ 24. Bxe3
Qxe3+ 25. Kd1 (25. Kf1 Bxf2 26. Rh1 Be4 $19) 25... Qd4+ 26. Qd2 Qxd2+ 27. Kxd2
Bg5+ $19) 21... Bh4+ 22. g3 (22. Kd1 Rxe3 $19) 22... Bxf3 $19) 0-1

[Event "EU-ch 2nd"]
[Site "Ohrid"]
[Date "2001.06.05"]
[Round "5"]
[White "Gershon, Alik"]
[Black "Djuric, Stefan"]
[Result "1-0"]
[WhiteElo "2539"]
[BlackElo "2483"]
[Annotator "Gershon,A"]
[PlyCount "117"]
[EventDate "2001.06.01"]
[EventType "swiss"]
[EventRounds "13"]
[EventCountry "YUG"]
[SourceTitle "CBM 084"]
[Source "ChessBase"]
[SourceDate "2001.09.13"]
[SourceVersion "1"]
[SourceVersionDate "2001.09.13"]
[SourceQuality "1"]

1. d4 e6 2. c4 b6 3. a3 Ba6 {A very rare move. The normal continuation is Bb7}
4. Qc2 (4. e4 $142 d5 (4... Qh4 $2 5. Nc3 f5 6. Nf3 Qg4 7. h3 Qg6 8. Ne5 Qf6 9.
exf5 exf5 10. Nd5 Qd6 11. Bf4 $18 {1-0 Izeta Txabarri,F-Petit,E/Benasque 1997/
EXT 98 (27)}) 5. Nd2 dxc4 (5... c6 6. Ngf3 Nf6 7. Qc2 dxc4 8. Bxc4 Bxc4 9. Nxc4
Be7 10. O-O O-O 11. Rd1 Qc7 12. Bg5 Rd8 13. Rac1 $16 {1/2-1/2 Lytchak,
A-Bunzmann,D/Apolda 1997/EXT 99 (20)}) 6. Bxc4 $2 (6. Nxc4) 6... b5 7. Be2 Qxd4
8. Ngf3 Qd8 9. a4 b4 10. Bxa6 Nxa6 11. Qe2 Nc5 12. Ne5 a6 13. O-O Nf6 14. Rd1
Qc8 15. Ng4 Nxg4 16. Qxg4 e5 17. Qe2 Qe6 18. Nc4 Be7 $17 {0-1 Hastings,
J-Ehlvest,J/Philadelphia 1993/EXT 99 (36)}) 4... c6 5. Bf4 {Trying to prevent
black from playing d7-d5, however, the B is awkwardly placed on f4} (5. e4 d5
6. Nf3 dxe4 7. Qxe4 Nf6 $11) 5... f5 (5... d5 6. cxd5 Qxd5 (6... cxd5 7. Bxb8
Rxb8 8. Qa4+ {[%csl Ra6][%cal Ga4e8,Ga4a6] the point of white's 5th move}) (
6... exd5 7. Bxb8 Rxb8 8. Qxc6+ $18) 7. e4 (7. Bxb8 Rxb8 8. e4 Qa5+ 9. b4 Bxb4+
10. axb4 Qxa1 11. Qxc6+ Ke7 12. Qc7+ Kf6 $11) 7... Qd7 8. Bxa6 Nxa6 9. Nf3 $14)
6. g3 Nf6 7. Bg2 Be7 8. d5 cxd5 9. cxd5 Nxd5 $2 {Now black's K becomes
extremely weak.} (9... Bb7 $142 10. Nc3 O-O 11. Nh3 Na6 12. O-O $14) 10. Bxd5
exd5 11. Qxf5 {[%csl Re8]} Bf6 12. Qxd5 {[%csl Ra8][%cal Gd5g8]} Nc6 (12...
Bxb2 13. Ra2 $18) (12... Qc8 $2 13. Qxa8 {[%csl Yc1][%cal Gf4c1]} Bb7 14. Qxb8
$18) 13. Nc3 Bxc3+ (13... Qe7 $5 14. Ne4 Bxb2 15. Ra2 Be5 16. Nd6+ Qxd6 (16...
Bxd6 17. Bxd6 Qe6 18. Rd2 $14) 17. Qxd6 Bxd6 18. Bxd6 $14) 14. bxc3 Ne7 15. Qb3
Ng6 (15... d5 $4 16. Qa4+ {[%csl Ra6]}) 16. Be3 $6 {I gave most consideration
to the other, more challenging move. However, with so little time on the clock
I decided to play safe} (16. Bd6 Qf6 17. O-O-O Rc8 18. Kb2 Qxf2 (18... Bc4 19.
Qc2 Qxf2 20. Nf3 Kd8 21. Nd4 $36) 19. Nh3 Qxe2+ 20. Ka1 Qc4 21. Rhe1+ Kd8 22.
Qxc4 Bxc4 23. Ng5 $44) 16... Qf6 17. Nf3 Qc6 $1 18. O-O {Otherwise white
threatens not to castle at all} Bxe2 ({Here I was, somewhat conserned about:} 
18... Bb7 {[%cal Gg6e5]} 19. Bd4 O-O-O (19... Rf8 20. Bxg7 Rxf3 21. exf3 Qxf3
22. Rfe1+ Kd8 23. Qg8+ Kc7 24. Qc4+ Bc6 25. Kf1 $18) 20. c4 (20. Bxg7 $2 Rhg8
$40) 20... Rde8 21. Rfe1 {and white seems to survive black's pressure along
the long /^}) 19. Nd4 Bc4 $8 (19... Qc4 20. Rfe1 Qxb3 21. Nxb3 Bc4 22. Bxb6+
Kf7 23. Nd2 $16) 20. Nxc6 Bxb3 21. Nd4 Bc4 22. Rfe1 O-O {Now the position is
slightly better for white, due to the badly placed night on g6 and a weaker K
of black's. Of course, it is hardly enough for a win} 23. f4 {[%csl Rg6]} Rac8
24. Bf2 {[%csl Rg6][%cal Yf4f5,Ge1e3]} Rf7 {[%cal Gg6e7,Ge7d5]} 25. Rad1 {
[%csl Rd7]} Ba6 {[%csl Rc3][%cal Gc8c3]} 26. Nf3 $1 {[%cal Gf3g5,Yf2d4]} h6 (
26... Rxc3 27. Ng5 Re7 (27... Rf8 28. Rxd7 $18 {[%csl Rg7][%cal Gf2d4,Yg5e6]})
28. Rxe7 Nxe7 29. Rxd7 Rc1+ 30. Kg2 Bf1+ 31. Kf3 Rc3+ 32. Be3 Nc6 33. Kf2 Bc4
34. Bd4 $36) 27. Bd4 {[%cal Gf3e5] White has succesfully regrouped his pieces.}
d6 28. Re6 Ne7 29. Nh4 {[%cal Gf4f5,Gf5f6]} ({of course not:} 29. Rxd6 Be2 $19)
29... Nd5 30. Rxd6 (30. Ng6 Nxc3 31. Bxc3 Rxc3 32. Re8+ Kh7 33. Nf8+ $11) 30...
Nxc3 31. Bxc3 Rxc3 32. Rd8+ Kh7 33. f5 {Exploiting the weakness of black's K}
h5 (33... Rxa3 34. g4 Rf6 (34... Ra4 35. h3 Rf6 36. Rb8 h5 37. Rdd8 Kh6 38. Nf3
$1 $18) 35. Ra8 (35. Rb8 Rc6 (35... h5 36. g5 Rc6 37. f6 $18 {[%cal Gd1d7]})) (
35. Ng6 Rxg6 36. fxg6+ Kxg6 37. R1d6+ Kh7 38. R6d7 $11) 35... Bd3 36. Re1 Bc4
37. Ree8 Ra1+ 38. Kf2 g5 39. Ng6) 34. R1d7 $1 Rc7 35. Rxc7 Rxc7 36. Ng6 {
[%csl Rh7]} Rc8 (36... Kh6 37. Nf4 Rc8 38. Rd7) 37. Rd7 Rc1+ 38. Kg2 Bc8 39.
Rf7 Rc2+ (39... Bxf5 40. Nf8+ Kg8 41. Rxf5 $18) 40. Kg1 Rc1+ 41. Kg2 $138 Rc2+
42. Kf3 $1 {[%cal Gf3f4,Gf4g5,Gf7f8,Gf8h8] Activity is much more important
than a pawn} Rxh2 43. Nh4 {[%cal Gf5f6]} (43. Kf4 Rf2+ 44. Kg5 Rf3 45. Rf8
Rxg3+ 46. Kxh5 Rh3+ 47. Kg4 $4 (47. Kg5 Rg3+ 48. Kf4 Bxf5 49. Kxg3 Kxg6 50. Ra8
a5 51. Ra6 Bc2 52. Rxb6+ Kf7 53. Rc6 Bb3 54. Kf4 a4 $11) 47... Bxf5+ $1 48.
Rxf5 Kxg6 $19) 43... Kh6 44. Rc7 Ba6 45. Rxa7 Bb5 46. Re7 {[%cal Ge7e6,Ge6b6]}
Rb2 47. Re6+ Kh7 48. Kf4 (48. Rxb6 $4 Be2+ $19) 48... Be2 49. Kg5 Bg4 50. Ng6
$138 (50. Re8) 50... Rf2 51. Nh4 Rb2 52. Re8 Rb5 53. Rf8 {[%cal Gh4g6] The
rest is easy} g6 $8 54. Rf7+ Kg8 55. Kxg6 Rb3 56. Ra7 Kf8 57. Ra8+ Ke7 58. f6+
Kd7 59. f7 1-0

[Event "Winterthur op2"]
[Site "Winterthur"]
[Date "2002.10.17"]
[Round "7"]
[White "Gershon, Alik"]
[Black "Miezis, Normunds"]
[Result "1-0"]
[WhiteElo "2556"]
[BlackElo "2510"]
[Annotator "Gershon,A"]
[PlyCount "75"]
[EventDate "2002.10.11"]
[EventType "swiss"]
[EventRounds "9"]
[EventCountry "SUI"]
[SourceTitle "CBM 092"]
[Source "ChessBase"]
[SourceDate "2003.02.06"]
[SourceVersion "1"]
[SourceVersionDate "2003.02.06"]
[SourceQuality "1"]

1. d4 e6 2. c4 b6 3. a3 Bb7 4. Nc3 f5 5. d5 Nf6 6. g3 b5 {Normunds' pet line.
This move leads to complex irrational positions, but objectively speaking,
white is better.} (6... Na6 {is the normal continuation here.}) 7. Nxb5 exd5 8.
Bf4 $1 {To my opinion, this move poses the most problems to black's set up.} ({
another move that was tested here is:} 8. cxd5 Bxd5 9. Nf3 Bc5 10. Bg2 a5 11.
O-O O-O (11... c6 12. Nc3 Be4 {1/2-1/2 Horvath,P-Miezis,N/Seefeld 2001/EXT
2002 (12)}) 12. Bg5 c6 13. Nc3 Be4 14. Rc1 Qe7 {1/2-1/2 Gavrikov,V-Miezis,N/
Tallinn 2001/CBM 83 ext (20), with an unclear position}) 8... Na6 9. Bg2 c6 ({
in an older game, Miezis tried:} 9... Ne4 10. cxd5 Bc5 11. Nh3 Qf6 12. O-O Bb6
13. b4 O-O 14. Qb3 Kh8 15. Rad1 {and black was simply a pawn down in: 1-0
Gretarsson,H-Miezis,N/Reykjavik ISL 2002/The Week in Chess 383 (38)}) 10. Nd6+
Bxd6 11. Bxd6 dxc4 $146 (11... Qb6 {is an interesting alternative to the text}
12. cxd5 Ne4 13. Bxe4 fxe4 14. Nh3 c5 15. Be5 O-O 16. Nf4 Rf5 17. Bc3 Nc7 $13 {
1-0 Van Wely,L-Lputian,S/Moscow RUS 2001/The Week in Chess 369 (30). (29)}) 12.
Qa4 $1 {an important move. White must prevent black queen from checking on a5,
thus disorganizing white pieces.} (12. Qd4 Qa5+ 13. Kf1 O-O-O $13) 12... Nd5 (
12... Qb6 13. Nf3 Qxb2 14. O-O $40) 13. Nf3 Qf6 14. Be5 Qe7 15. Qxc4 O-O $2 {
After this natural move, black is strategically lost. White has a pair of
strong bishops, and, what is more important, the knight on a6 gets cut off.} (
15... Nc5 {was essential} 16. b4 Ne4 17. O-O O-O {we get the same position as
in the game, only that the black knight is on e4 rather than on a6. The
difference is quite obvious.}) 16. b4 $1 {[%csl Ra6,Rb7]} Kh8 17. O-O d6 {
the only way to create counterplay} 18. Bb2 Nb6 19. Qf4 $1 {[%cal Gf3g5,Gf4h4]
with a nasty threat of Ng5 and Qh4. Forces black knight back to d5} Nd5 (19...
Qxe2 20. Qd4 Rf7 21. Ng5 Rd7 22. Qh4 $18) 20. Qd2 Nac7 21. Rac1 {[%csl Rc6]
[%cal Yg2c6,Yc1c7,Gf3d4,Yd4c6]} Nf6 $6 (21... a5 {would require more accuracy
from white.} 22. Nd4 axb4 23. axb4 c5 24. Nxf5 $1 Rxf5 25. e4) 22. Nd4 {
now, white wins a pawn by force, and with it the game} Ne4 23. Bxe4 Qxe4 (23...
fxe4 24. Nxc6 {the opposite color B only play in white's favor here.}) 24. Nxc6
$1 {the most straightforward way.} Nb5 {losing a piece.} (24... Bxc6 $142 25.
f3 Qd5 26. Qxd5 Bxd5 27. Rxc7 Rf7 28. Rfc1 $18) 25. f3 Qe6 26. Na5 $1 {[%csl
Rb5]} Bd5 27. a4 {the rest is agony, and could be spared.} f4 28. axb5 fxg3 29.
hxg3 Qg6 30. Kg2 Rf5 31. Rc7 Rg5 32. Qf4 Rg8 33. e4 Be6 34. Nc6 Qh6 35. Rh1
Rxg3+ 36. Qxg3 Qd2+ 37. Qf2 Qg5+ 38. Kf1 1-0